000 00299nam a22001337a 4500
008 170929b xxu||||| |||| 00| 0 eng d
020 _a9780130993441
041 _aeng
080 _27 ED
_a37
100 _a47
101 _aEDU
245 _aEXCEPTIONAL CHILDREN
_cHEWARD.W.L
942 _2udc
_cBK
999 _c30757
_d30757